The Ministry of utmost happiness (Record no. 5891)
[ view plain ]
| 000 -LEADER | |
|---|---|
| fixed length control field | 00730nam a22001577a 4500 |
| 005 - DATE AND TIME OF LATEST TRANSACTION | |
| control field | 20240611060627.0 |
| 008 - FIXED-LENGTH DATA ELEMENTS--GENERAL INFORMATION | |
| fixed length control field | 240611b |||||||| |||| 00| 0 eng d |
| 020 ## - INTERNATIONAL STANDARD BOOK NUMBER | |
| ISBN | 9780670089635 |
| 082 ## - DDC Classification | |
| DDC Edition Number | 22 |
| Class No. | 823 |
| Item Number - Author Mark | ARU |
| 100 ## - MAIN ENTRY--PERSONAL NAME | |
| Personal name | Roy, Arundhati |
| 245 ## - TITLE STATEMENT | |
| Title | The Ministry of utmost happiness |
| 260 ## - PUBLICATION, DISTRIBUTION, ETC. | |
| Place of publication, distribution, etc. | India |
| Name of publisher, distributor, etc. | Penguin Random House India |
| Date of publication, distribution, etc. | 2017 |
| 300 ## - PHYSICAL DESCRIPTION | |
| Extent (e.g. Volumes, Pages etc.) | 445 p ., |
| 500 ## - GENERAL NOTE | |
| General note | The Ministry of utmost Happiness takes us on a journey of many years - the story spooling outwards from the cramped neighborhoods of old Delhi into the burgeoning new metropolis and beyond, to the valley of Kashmir and the forests of central India, where war is peace and peace is war, and where, from time to time, 'normalcy' is declared. |
| 942 ## - Koha item type (Biblio) | |
| Koha item type | Books in Stacks (Lending) |
| Lost status | Damaged status | Collection code | Home library | Current library | Date acquired | Full call number | Accession Number | Item type |
|---|---|---|---|---|---|---|---|---|
| Lending | WERC Library | WERC Library | 06/11/2024 | 823 ARU | 7038 | Books in Stacks (Lending) |
